Most Populous County in Each State - Statistics

General Stats
  • This quiz has been taken 316 times
  • The average score is 21 of 50
Answer Stats
State Population Answer % Correct
California 10,014,009 Los Angeles
92%
Hawaii 1,016,508 Honolulu
79%
Alaska 291,247 Anchorage
77%
Illinois 5,275,541 Cook
76%
Arizona 4,420,568 Maricopa
74%
New York 2,736,074 Kings (Brooklyn)
72%
Pennsylvania 1,603,797 Philadelphia
69%
Florida 2,701,767 Miami-Dade
68%
Utah 1,185,238 Salt Lake
67%
Nevada 2,265,461 Clark
62%
Washington 2,269,675 King
62%
Wisconsin 939,489 Milwaukee
61%
Rhode Island 660,741 Providence
60%
Georgia 1,066,710 Fulton
59%
Michigan 1,793,561 Wayne
59%
Missouri 1,004,125 St. Louis County
58%
Texas 4,731,145 Harris
55%
Oklahoma 796,292 Oklahoma
54%
Minnesota 1,281,565 Hennepin
50%
Virginia 1,150,309 Fairfax County
43%
Massachusetts 1,632,002 Middlesex
40%
Oregon 815,428 Multnomah
38%
New Jersey 955,732 Bergen
37%
Wyoming 100,512 Laramie
37%
Maryland 1,062,061 Montgomery
37%
Delaware 570,719 New Castle
37%
New Mexico 676,444 Bernalillo
34%
North Carolina 1,129,410 Wake
34%
Connecticut 957,419 Fairfield
33%
Idaho 494,467 Ada
31%
Ohio 1,323,807 Franklin
31%
Indiana 977,203 Marion
31%
Alabama 674,721 Jefferson
30%
Tennessee 929,744 Shelby
30%
Kentucky 782,969 Jefferson
29%
Louisiana 456,781 East Baton Rouge
27%
Colorado 730,395 El Paso
27%
Iowa 492,401 Polk
27%
Arkansas 399,125 Pulaski
25%
West Virginia 180,745 Kanawha
23%
Nebraska 584,526 Douglas
21%
Vermont 168,323 Chittenden
20%
Maine 303,069 Cumberland
20%
Mississippi 227,742 Hinds
20%
Kansas 609,863 Johnson
20%
Montana 164,731 Yellowstone
20%
North Dakota 184,525 Cass
18%
New Hampshire 422,937 Hillsborough
18%
South Dakota 197,214 Minnehaha
17%
South Carolina 525,534 Greenville
16%
No matching quizzes found
Score Distribution
Percent of People with Each Score
Percentile by Number Answered
Your Score History
You have not taken this quiz